000 00587nam a2200229Ia 4500
999 _c42523
_d42523
003 0100
005 20170509122617.0
008 130303s9999 xx 000 0 und d
040 _cARRUPELIB
050 _aDT431.H81963
100 _aHughes, Anthony John
_930634
245 _aEast Africa : the search for unity
245 _bKenya, Tanganyika, Uganda, and Zanzibar
260 _bPenguin Books
_aBaltimore
_c1963
300 _a277p.
300 _b 19cm.
440 _aPenguin African library, AP11
_930635
650 _bFree will and determination
_921293
650 _cGood and evil
_930636
942 0 0 _01
_2lcc
_cMONOGRAPH